[Event "Turkish Women-ch Arzum 2022"]
[Site "Ayvalik"]
[Date "2022.03.08"]
[Round "5.4"]
[White "Ince, Safiye Oyku"]
[Black "Buyuk, Ecrin Efsa"]
[Result "1-0"]
[WhiteElo "1893"]
[BlackElo "1565"]
[Annotator "NA RC"]
[PlyCount "211"]
[EventDate "2022.03.04"]
[EventType "swiss"]
[EventCountry "TUR"]
[SourceTitle "playchess.com"]
[Source "ChessBase"]
[SourceQuality "1"]
[TimeControl "5400+30"]

{[%evp 8,162,65,75,65,68,83,80,81,90,135,106,112,102,113,83,97,89,85,82,32767,118,160,32767,172,32767,32767,221,239,230,246,247,240,263,297,350,269,279,218,94,88,98,118,52,56,53,76,74,81,66,34,32767,32767,32,32767,0,14,0,0,0,69,64,75,75,176,154,179,32767,32767,32767,32767,32767,32767,32767,32767,95,156,120,120,32767,32767,32767,32767,32767,32767,32767,32767,80,84,79,88,83,125,32767,32767,116,142,122,100,97,32767,87,32767,7,112,23,75,64,63,68,78,61,68,71,78,78,75,76,77,73,68,70,71,61,75,32767,32767,32767,32767,32767,32767,32767,32767,32767,870,613,521,492,547,32767,32767,32767,32767,412,242,-28000,27999,134,109,132,425,252,259,265,260,145,129]} 1. e4 {[%emt 0:01:00]} c6 {[%emt 0:01:00]} 2. Nc3 {[%emt 0:00:30]} d5 {[%emt 0:00:30]} 3. Nf3 {[%emt 0:00:00]} d4 {[%emt 0:05:30]} 4. Ne2 {[%emt 0:00:00]} c5 {[%emt 0:00:30]} 5. c3 {[%emt 0:00:00]} dxc3 {[%emt 0:06:30]} 6. Nxc3 {[%emt 0:00:00]} Nc6 {[%emt 0:03:30]} 7. Bb5 {[%emt 0:00:30]} Bd7 {[%emt 0:03:30]} 8. Bxc6 {[%emt 0:00:30]} bxc6 {[%emt 0:02:30]} ({Black should try} 8... Bxc6 9. O-O Nf6) 9. d4 {[%emt 0:04:30]} cxd4 {[%emt 0:05:30]} 10. Qxd4 {[%emt 0:02:30]} Qb6 {[%emt 0:08:30]} 11. Be3 {[%emt 0:03:30]} Qxd4 {[%emt 0:01:30]} 12. Bxd4 {[%emt 0:00:30]} f6 {[%emt 0:02:30]} 13. e5 {[%emt 0:04:30]} f5 {[%emt 0:11:30]} 14. Bc5 {[%emt 0:06:30]} g6 {[%emt 0:04:30]} 15. Rd1 {[%emt 0:15:30]} Bg7 {[%emt 0:02:30]} 16. O-O {[%emt 0:00:30]} h6 {[%emt 0:04:30]} 17. Rd2 {[%emt 0:08:30]} f4 {[%emt 0:14:49]} 18. Re1 {[%emt 0:07:30]} h5 {[%emt 0:05:47]} 19. e6 {[%emt 0:03:30]} Bc8 {[%emt 0:00:30]} 20. Ng5 {[%emt 0:00:00]} Nh6 {[%emt 0:01:31]} 21. Red1 {[%emt 0:07:00]} Ba6 {[%emt 0:07:20]} 22. Rd7 {[%emt 0:10:30]} Nf5 {[%emt 0:01:22]} 23. Rc7 {[%emt 0:06:45]} (23. Nce4 $18) 23... Be5 {[%emt 0:05:07]} 24. Rxa7 {[%emt 0:06:17]} ({Don't do} 24. Rxc6 Bb7 25. Nf7 Bxc6 $11) 24... O-O {[%emt 0:00:34]} 25. Rxa8 {[%emt 0:04:44]} (25. a4 $16) 25... Rxa8 {[%emt 0:00:01]} 26. Re1 {[%emt 0:00:47]} Bf6 {[%emt 0:01:02]} 27. Nge4 {[%emt 0:00:30]} Bg7 {[%emt 0:00:00]} 28. b3 {[%emt 0:00:53]} Bc8 {[%emt 0:00:21]} 29. Ne2 {[%emt 0:01:33]} Bxe6 {[%emt 0:00:06]} 30. Nxf4 {[%emt 0:00:33]} Bf7 {[%emt 0:00:12]} 31. a3 {[%emt 0:01:16]} e5 {[%emt 0:00:28]} 32. Nd3 {[%emt 0:00:44]} Bxb3 {[%emt 0:00:36]} 33. Nd2 {[%emt 0:00:33]} Bc2 {[%emt 0:00:07]} ({Better is} 33... Rd8 $11 34. Nxb3 Rxd3) 34. Nxe5 {[%emt 0:00:30]} Ra5 {[%emt 0:00:00]} (34... Rd8 $14 35. Ndf3 Rd5) 35. Nd7 {[%emt 0:00:27]} Bc3 {[%emt 0:00:41] [#]} (35... Bd4 $14 36. Bxd4 Nxd4) 36. Rc1 $1 {[%emt 0:00:50]} Bxd2 {[%emt 0:01:28]} 37. Rxc2 {[%emt 0:00:01]} Rb5 {[%emt 0:00:38]} 38. Kf1 {[%emt 0:00:11]} Rb1+ {[%emt 0:01:08]} 39. Ke2 {[%emt 0:00:30]} Bf4 {[%emt 0:00:04]} 40. g3 {[%emt 0:01:28]} Bc7 {[%emt 0:00:44]} 41. h4 {[%emt 0:02:14]} Ba5 {[%emt 0:01:33]} (41... Kf7 $142 42. Ra2 Rc1) 42. Kf3 {[%emt 0:00:18]} Bc7 {[%emt 0:00:11]} 43. Kg2 {[%emt 0:00:50]} Rd1 {[%emt 0:00:30]} 44. Nf6+ {[%emt 0:00:30]} Kf7 {[%emt 0:00:30]} 45. Ne4 {[%emt 0:00:30]} Rd3 {[%emt 0:00:30]} 46. a4 {[%emt 0:00:30]} Ke6 {[%emt 0:00:32] [#]} 47. Nc3 {[%emt 0:01:34]} (47. Ba7 $1 $18 {and White stays clearly on top.} Kd5 48. f3) 47... Nd4 {[%emt 0:00:30]} 48. Bxd4 {[%emt 0:00:51]} Rxd4 {[%emt 0:00:30]} 49. Ne2 {[%emt 0:00:00]} Rd6 {[%emt 0:00:00]} 50. Nf4+ {[%emt 0:00:48]} Kf7 {[%emt 0:00:07]} 51. Rb2 {[%emt 0:00:34]} (51. Rc3 $142) 51... Ba5 {[%emt 0:01:00]} 52. Rb7+ {[%emt 0:00:57]} Kf6 {[%emt 0:00:30]} 53. Ra7 {[%emt 0:00:00]} Be1 {[%emt 0:00:17]} 54. Kf1 {[%emt 0:00:54]} (54. Ra8 $18 {has better winning chances.}) 54... Bd2 {[%emt 0:00:42]} 55. a5 {[%emt 0:00:54]} (55. Ne2 $16) 55... c5 {[%emt 0:00:16] [#]} (55... Bxf4 $11 {remains equal.} 56. gxf4 Kf5) 56. Rc7 {[%emt 0:00:24]} (56. Ne2 $1 $16) 56... Bb4 {[%emt 0:01:05]} (56... Bxf4 $11 57. gxf4 Rd4) 57. Ke2 {[%emt 0:00:33]} Bxa5 {[%emt 0:00:57]} 58. Rxc5 {[%emt 0:00:02]} Bb6 {[%emt 0:00:11]} 59. Nd5+ {[%emt 0:01:06]} Kf7 {[%emt 0:00:30]} 60. Rb5 {[%emt 0:00:00]} Bd8 {[%emt 0:00:27]} 61. Rb7+ {[%emt 0:00:21]} Ke6 {[%emt 0:00:30]} 62. Nf4+ {[%emt 0:00:00]} Kf5 {[%emt 0:00:23]} 63. Rb5+ {[%emt 0:01:06]} Kf6 {[%emt 0:00:31]} 64. Rg5 {[%emt 0:00:08]} Kf7 {[%emt 0:00:30]} 65. Re5 {[%emt 0:00:00]} Bf6 {[%emt 0:00:30]} 66. Rb5 {[%emt 0:00:19]} Ba1 {[%emt 0:00:32]} 67. f3 {[%emt 0:00:01]} Bg7 {[%emt 0:00:44]} 68. Rb7+ {[%emt 0:00:11]} Kf6 {[%emt 0:00:29]} 69. g4 {[%emt 0:00:30]} hxg4 {[%emt 0:00:30]} 70. fxg4 {[%emt 0:00:00]} Bf8 $2 {[%emt 0:00:00]} (70... Bh6 $14) 71. g5+ {[%emt 0:00:20]} Ke5 {[%emt 0:00:39]} 72. Rf7 {[%emt 0:00:21]} Be7 {[%emt 0:00:13]} 73. Nxg6+ {[%emt 0:01:24]} Rxg6 {[%emt 0:00:30]} 74. Rxe7+ {[%emt 0:00:30]} Kf4 {[%emt 0:00:00]} 75. Kf2 {[%emt 0:00:00]} (75. Rf7+ $142 Kg4 76. Rf6) 75... Ra6 {[%emt 0:00:12]} 76. Re2 $4 {[%emt 0:00:47]} (76. Ke2 Kf5 77. Rh7) 76... Rb6 $4 {[%emt 0:00:40] [#]} (76... Kg4 77. Re4+ Kh5) 77. Kg2 {[%emt 0:00:11]} (77. Re8 $1 $18) 77... Kg4 {[%emt 0:01:09]} 78. Re4+ {[%emt 0:00:04]} Kf5 $2 {[%emt 0:00:31]} (78... Kh5 $16 {is a better defense.} 79. Kf3 Rb3+ 80. Kg2 Rd3) 79. Kf3 {[%emt 0:00:30]} Rb3+ {[%emt 0:00:27]} 80. Re3 {[%emt 0:00:14]} Rb1 {[%emt 0:00:00]} 81. Kg2 {[%emt 0:01:08]} (81. Ra3 $18) 81... Kg4 $16 {[%emt 0:00:32]} 82. Re4+ {[%emt 0:01:05]} Kf5 {[%emt 0:00:04]} 83. Rc4 {[%emt 0:00:31]} Rb3 {[%emt 0:00:45]} 84. Kf2 {[%emt 0:00:20]} Rh3 {[%emt 0:00:57]} 85. Ke2 {[%emt 0:00:11]} Ra3 {[%emt 0:01:07]} 86. Kd2 {[%emt 0:00:30]} Rh3 {[%emt 0:00:00]} 87. Rc5+ {[%emt 0:00:24]} Kg6 {[%emt 0:00:41]} 88. Rc6+ {[%emt 0:00:13]} Kf5 {[%emt 0:00:02]} 89. Rf6+ {[%emt 0:00:48]} Ke5 {[%emt 0:00:30]} 90. Rh6 {[%emt 0:00:30]} Kf5 {[%emt 0:00:00]} 91. g6 {[%emt 0:00:00]} Kf6 {[%emt 0:00:17]} 92. h5 {[%emt 0:00:00]} Kg7 {[%emt 0:01:08]} 93. Rh7+ {[%emt 0:00:00]} Kg8 {[%emt 0:00:13]} 94. Ke2 {[%emt 0:01:18]} Ra3 {[%emt 0:00:19]} 95. Kf2 {[%emt 0:00:07]} Rc3 {[%emt 0:00:52]} 96. Kg2 {[%emt 0:00:30]} Ra3 {[%emt 0:00:00]} 97. Kh2 {[%emt 0:00:27]} Rb3 {[%emt 0:00:02]} 98. h6 {[%emt 0:00:44]} Ra3 {[%emt 0:02:09]} 99. Rd7 {[%emt 0:01:22]} Ra2+ {[%emt 0:00:30]} 100. Kg3 {[%emt 0:00:30]} Ra3+ {[%emt 0:00:00]} 101. Kg4 {[%emt 0:00:00]} Ra4+ {[%emt 0:00:13]} 102. Kf5 {[%emt 0:00:26]} Ra5+ {[%emt 0:00:00]} 103. Ke6 {[%emt 0:00:00]} Ra6+ {[%emt 0:00:19]} 104. Rd6 {[%emt 0:00:21]} Ra8 {[%emt 0:00:00]} 105. Kf6 {[%emt 0:00:03]} Rf8+ {[%emt 0:00:05]} 106. Ke7 {[%emt 0:00:00]} 1-0

[Event "Turkish Women-ch Arzum 2022"]
[Site "Ayvalik"]
[Date "2022.03.08"]
[Round "5.5"]
[White "Baloglu, Dila"]
[Black "Onur, Cigdem"]
[Result "0-1"]
[WhiteElo "1630"]
[BlackElo "2012"]
[Annotator "TA"]
[PlyCount "60"]
[EventDate "2022.03.04"]
[EventType "swiss"]
[EventCountry "TUR"]
[SourceTitle "playchess.com"]
[Source "ChessBase"]
[SourceQuality "1"]

{[%evp 17,60,2,0,-4,15,8,18,-37,-29,-81,-82,-79,-68,-72,-79,-145,-139,-145,-91,-143,-114,-118,-90,-79,-82,-95,-83,-79,-81,-94,-76,-72,-79,-625,-565,-549,-543,-900,-877,-2547,-2250,-6000,-5900,-29989,-29990]} 1. e4 e6 2. d4 d5 3. Nd2 c5 4. Ngf3 cxd4 5. Nxd4 Nc6 6. Bb5 Bd7 7. Nxc6 bxc6 8. Bd3 Bd6 9. O-O Qc7 10. h3 {C07: French Tarrasch: 3...c5, 4 Ngf3 and 4 exd5 Qxd5.} Ne7 11. c4 O-O 12. b3 (12. Re1 $11) 12... d4 $15 {[#]} 13. Bb2 $146 (13. Qh5 $11 f5 14. exf5 exf5 15. c5 Bxc5 16. Bb2) ({Predecessor:} 13. Qh5 Ng6 14. Nf3 h6 15. c5 Bf4 16. Bb2 Rad8 17. Rfd1 e5 18. g3 Bg5 19. Bc4 {0-1 (38) Calzetta Ruiz,M (2276)-Michna,M (2380) Istanbul 2012}) 13... c5 $17 14. b4 Ng6 15. bxc5 Bxc5 ({Much worse is} 15... Qxc5 16. Nb3 Qg5 17. Bxd4 $11) 16. g3 (16. Nb3 $142) 16... e5 17. Kh2 Qc8 ({Black should try} 17... Rfc8 18. Nb3 Be7) 18. Qh5 (18. h4 $142) 18... Rb8 19. Nb3 Ba4 (19... Bb4 {with more complications.} 20. f4 f6 21. Rad1 a5 22. Bc1 Qc7) 20. Nxc5 Qxc5 21. Bc1 Qa5 22. Qe2 Rfe8 23. f4 f5 {White must now prevent ...exf4. Black is much more active.} 24. Bd2 Qc5 {Threatens to win with ...Bc6.} 25. Qh5 $2 {[%mdl 8192] This costs White the game.} ({Avoid the trap} 25. exf5 $2 {[#]} exf4 $1 26. Qf2 Ne5 $19) (25. Rab1 $17 Rb6 26. fxe5 (26. exf5 $2 exf4 27. Qf2 Qa3 $19)) 25... Rb2 $19 26. Rf2 exf4 27. gxf4 {[#]} Nxf4 $1 {[%mdl 512]} 28. Bxf4 (28. Rxf4 Rxd2+) 28... Rxf2+ 29. Kg3 {[#]} Rxf4 $1 30. Kxf4 (30. Kh2 Rf2+) 30... Qe5+ {Weighted Error Value: White=1.12/Black=0.08 (flawless)} 0-1

[Event "Turkish Women-ch Arzum 2022"]
[Site "Ayvalik"]
[Date "2022.03.08"]
[Round "5.6"]
[White "Sahin, Hayrun Nisa"]
[Black "Keskinler, Ela"]
[Result "1-0"]
[WhiteElo "2014"]
[BlackElo "1400"]
[Annotator "TA"]
[PlyCount "115"]
[EventDate "2022.03.04"]
[EventType "swiss"]
[EventCountry "TUR"]
[SourceTitle "playchess.com"]
[Source "ChessBase"]
[SourceQuality "1"]

{[%evp 24,114,0,0,0,0,15,9,7,19,61,29,75,64,217,217,195,187,191,167,406,193,553,544,29991,29992,29996,1217,1184,1196,1110,1108,5357,520,510,481,438,436,419,412,444,442,423,395,325,151,151,150,150,2,295,264,2699,1447,6717,11052,5724,2483,12799,5700,29980,29981,29990,29991,29991,29992,29992,29990,29990,29991,29991,29990,29991,29992,29992,29993,29994,29994,29994,29994,29994,29995,29995,29995,29995,29996,29996,29997,29997,29998,29998,29999,29999]} 1. e4 e6 2. d4 d5 3. Nd2 c5 4. Ngf3 Nf6 5. e5 Nfd7 6. c3 Nc6 7. Bd3 Be7 8. O-O Qb6 9. Re1 cxd4 10. cxd4 Nxd4 11. Nxd4 Qxd4 12. Nf3 Qb6 13. a3 O-O {C06: French Tarrasch: 3...Nf6 4 e5 Nfd7 5 Bd3 main lines.} 14. b4 {[#]} f6 $146 ({Predecessor:} 14... Re8 15. Bg5 Nf8 16. Rc1 Bxg5 17. Nxg5 h6 18. Nf3 Bd7 19. Bb1 Rac8 20. Qd3 Qb5 {0-1 (60) Hess,M (2430)-Smirnova,E (2239) Tornelo INT 2020}) 15. Be3 Qd8 {The position is equal.} 16. exf6 Bxf6 (16... Nxf6 $11 17. Bd4 Bd6) 17. Bd4 Nb6 (17... a5 $11) 18. Ne5 $16 {[%mdl 1024] White has strong compensation. White is much more active.} g6 {Inhibits Qh5.} ({Black should play} 18... Qe8 $1 $14) 19. Qg4 $1 $18 {[%cal Od3g6] Strongly threatening Bxg6!} Qc7 20. h4 {Threatens to win with Rac1.} Qg7 21. Rac1 {To avoid Nc4. aiming for h5.} Re8 $2 (21... Nc4) 22. f4 (22. h5 $142) 22... Rd8 $2 {[#]} (22... Qh6 {is tougher.} 23. g3 Nd7) 23. Rxc8 $1 {[%mdl 576] Remove Defender} Nxc8 (23... Raxc8 24. Qxe6+) 24. Qxe6+ Kf8 {[#]} 25. Nxg6+ $1 {[%mdl 512]} hxg6 26. Bxf6 {A strong pair of Bishops.} Qd7 27. Bxd8 Qxd8 28. Qxg6 (28. Qe5 $142 {Intending Qh8+ and mate.} Kg8 29. h5) 28... Qb6+ 29. Kh2 {[%csl Gg6][%cal Re1e8]} Qxg6 30. Bxg6 {[%mdl 4096] Endgame KRB-KRN} Ne7 31. Bh5 Rd8 32. g4 d4 33. g5 d3 34. g6 (34. Re4 $18 {has better winning chances.}) 34... Nf5 $16 {[#]} 35. Re5 $1 Nxh4 36. f5 (36. Kg3 $16 Nxg6 37. Bxg6) 36... d2 $2 {[%mdl 8192] [#]} (36... Kg7 $11 {and Black has nothing to worry.}) 37. Bd1 $1 $18 Nf3+ $2 (37... b6 38. Kh3 Rd4) 38. Bxf3 d1=Q 39. Bxd1 {[%cal Of5f6] Threatening mate with f6!} Rxd1 {KR-KR} 40. Kg3 (40. f6 $142 Rd2+ 41. Kh3) 40... Rd3+ 41. Kf4 {White threatens f6 and mate.} Rxa3 42. Kg5 {White mates.} Ra1 43. Kf6 Rg1 44. Re7 b6 45. Rxa7 {[%cal Ra7a8]} Ke8 46. g7 b5 47. Ra8+ Kd7 48. g8=Q Rxg8 49. Rxg8 {KR-KP} Kc7 50. Ke7 Kc6 51. f6 Kd5 52. f7 Kc4 53. Rg4+ Kc3 54. f8=Q Kb3 55. Qa8 Kc3 56. Qa3+ Kc2 57. Rg2+ Kb1 58. Qb2# {Weighted Error Value: White=0.37/Black=0.95} 1-0

[Event "Turkish Women-ch Arzum 2022"]
[Site "Ayvalik"]
[Date "2022.03.08"]
[Round "5.7"]
[White "Kayis, Gulcan Sena"]
[Black "Akat, Elifnaz"]
[Result "0-1"]
[WhiteElo "1597"]
[BlackElo "1673"]
[Annotator "NA"]
[PlyCount "80"]
[EventDate "2022.03.04"]
[EventType "swiss"]
[EventCountry "TUR"]
[SourceTitle "playchess.com"]
[Source "ChessBase"]
[SourceQuality "1"]
[TimeControl "5400+30"]

1. e4 {[%emt 0:01:00]} c5 {[%emt 0:01:00]} 2. d4 {[%emt 0:00:30]} cxd4 {[%emt 0:00:30]} 3. c3 {[%emt 0:00:00]} dxc3 {[%emt 0:00:00]} 4. Nxc3 {[%emt 0:00:00]} Nc6 {[%emt 0:00:00]} 5. Nf3 {[%emt 0:00:30]} e6 {[%emt 0:00:30]} 6. Bc4 {[%emt 0:01:30]} a6 {[%emt 0:00:30]} 7. O-O {[%emt 0:00:30]} b5 {[%emt 0:00:30]} 8. Bb3 {[%emt 0:00:30]} Bb7 {[%emt 0:03:30]} 9. Qe2 {[%emt 0:00:30]} Nge7 {[%emt 0:09:30]} 10. Rd1 {[%emt 0:09:30]} Ng6 {[%emt 0:00:30]} 11. Ng5 {[%emt 0:09:30]} Be7 {[%emt 0:11:30]} 12. Qh5 {[%emt 0:11:30]} Bxg5 {[%emt 0:08:30]} 13. Bxg5 {[%emt 0:01:30]} Nce7 {[%emt 0:00:30]} 14. Rd6 {[%emt 0:09:30]} h6 {[%emt 0:07:30]} 15. Be3 {[%emt 0:06:30]} Nc8 {[%emt 0:08:30]} 16. Rd2 {[%emt 0:08:30]} Qh4 {[%emt 0:08:30]} 17. Qc5 {[%emt 0:04:30]} d6 {[%emt 0:01:30]} 18. Qc7 {[%emt 0:07:30]} Qe7 {[%emt 0:01:30]} 19. Qa5 {[%emt 0:00:30]} Ne5 {[%emt 0:00:30]} 20. Ne2 {[%emt 0:03:30]} Bxe4 {[%emt 0:03:30]} 21. Qb4 {[%emt 0:01:30]} Bb7 {[%emt 0:06:30]} 22. Bf4 {[%emt 0:05:42]} Nc6 {[%emt 0:01:30]} 23. Qc3 {[%emt 0:00:16]} e5 {[%emt 0:02:30]} 24. Bd5 {[%emt 0:02:58]} N8a7 {[%emt 0:03:30]} 25. Ng3 {[%emt 0:04:45]} b4 {[%emt 0:02:08]} 26. Qf3 {[%emt 0:00:32]} O-O {[%emt 0:02:58]} 27. Nf5 {[%emt 0:02:22]} Qf6 {[%emt 0:04:47]} 28. Nxd6 {[%emt 0:00:45]} exf4 {[%emt 0:00:54]} 29. Nxb7 {[%emt 0:00:37]} Nd4 {[%emt 0:01:44]} 30. Qe4 {[%emt 0:02:15]} Nab5 {[%emt 0:00:59]} 31. Rad1 {[%emt 0:01:23]} Rae8 {[%emt 0:02:30]} 32. Qd3 {[%emt 0:00:20]} Rc8 {[%emt 0:02:16]} 33. Bc4 {[%emt 0:01:19]} f3 {[%emt 0:00:40]} 34. g3 {[%emt 0:01:56]} Ne2+ {[%emt 0:01:15]} 35. Kf1 {[%emt 0:01:03]} Nbd4 {[%emt 0:00:33]} 36. Na5 {[%emt 0:00:57]} Rfd8 {[%emt 0:01:06]} 37. Nb3 {[%emt 0:01:06]} Qg5 {[%emt 0:01:59]} 38. Nxd4 {[%emt 0:00:44]} Rxd4 {[%emt 0:00:07]} 39. Bxf7+ {[%emt 0:00:54]} Kh8 {[%emt 0:00:50]} 40. Qe3 {[%emt 0:01:33]} Rxd2 {[%emt 0:00:18]} 0-1

[Event "Turkish Women-ch Arzum 2022"]
[Site "Ayvalik"]
[Date "2022.03.08"]
[Round "5.8"]
[White "Bese, Irem"]
[Black "Acar, Ilayda"]
[Result "1-0"]
[WhiteElo "1714"]
[BlackElo "1460"]
[Annotator "NA"]
[PlyCount "109"]
[EventDate "2022.03.04"]
[EventType "swiss"]
[EventCountry "TUR"]
[SourceTitle "playchess.com"]
[Source "ChessBase"]
[SourceQuality "1"]
[TimeControl "5400+30"]

1. c4 {[%emt 0:01:00]} Nf6 {[%emt 0:01:00]} 2. Nc3 {[%emt 0:00:30]} e6 {[%emt 0:00:30]} 3. e4 {[%emt 0:00:00]} d6 {[%emt 0:01:30]} 4. d4 {[%emt 0:00:00]} c5 {[%emt 0:06:30]} 5. dxc5 {[%emt 0:04:30]} dxc5 {[%emt 0:00:30]} 6. Qxd8+ {[%emt 0:02:30]} Kxd8 {[%emt 0:00:30]} 7. Bg5 {[%emt 0:03:30]} Be7 {[%emt 0:09:30]} 8. O-O-O+ {[%emt 0:05:30]} Bd7 {[%emt 0:02:30]} 9. Bxf6 {[%emt 0:07:30]} gxf6 {[%emt 0:01:30]} 10. f4 {[%emt 0:01:30]} Nc6 {[%emt 0:04:30]} 11. Nf3 {[%emt 0:02:30]} a6 {[%emt 0:06:30]} 12. g3 {[%emt 0:13:30]} Kc7 {[%emt 0:03:30]} 13. Bg2 {[%emt 0:03:30]} Rad8 {[%emt 0:07:30]} 14. Rhe1 {[%emt 0:08:30]} Na5 {[%emt 0:02:30]} 15. Bf1 {[%emt 0:06:30]} Bc6 {[%emt 0:05:30]} 16. f5 {[%emt 0:07:30]} Rxd1+ {[%emt 0:03:30]} 17. Kxd1 {[%emt 0:00:30]} exf5 {[%emt 0:02:30]} 18. Nd5+ {[%emt 0:01:30]} Bxd5 {[%emt 0:04:30]} 19. exd5 {[%emt 0:00:30]} Bd6 {[%emt 0:02:30]} 20. Nh4 {[%emt 0:04:30]} f4 {[%emt 0:06:30]} 21. gxf4 {[%emt 0:03:30]} Bxf4 {[%emt 0:00:00]} 22. Re7+ {[%emt 0:00:30]} Kd8 {[%emt 0:01:00]} 23. Rxf7 {[%emt 0:00:30]} Be5 {[%emt 0:00:30]} 24. Nf5 {[%emt 0:03:00]} Ke8 {[%emt 0:04:30]} 25. Rg7 {[%emt 0:02:23]} Bxh2 {[%emt 0:03:59]} 26. b3 {[%emt 0:03:18]} h5 {[%emt 0:02:25]} 27. Bh3 {[%emt 0:00:59]} Bb8 {[%emt 0:03:20]} 28. Re7+ {[%emt 0:00:56]} Kd8 {[%emt 0:01:53]} 29. Rf7 {[%emt 0:00:50]} Be5 {[%emt 0:02:35]} 30. Ng7 {[%emt 0:00:24]} f5 {[%emt 0:01:51]} 31. Ne6+ {[%emt 0:00:38]} Ke8 {[%emt 0:00:36]} 32. Rxf5 {[%emt 0:00:12]} Bd6 {[%emt 0:01:12]} 33. Ng7+ {[%emt 0:01:54]} Ke7 {[%emt 0:00:45]} 34. Rf3 {[%emt 0:01:34]} Be5 {[%emt 0:03:01]} 35. Nf5+ {[%emt 0:01:21]} Kd8 {[%emt 0:01:56]} 36. Re3 {[%emt 0:01:02]} Re8 {[%emt 0:01:42]} 37. Nh6 {[%emt 0:01:34]} Re7 {[%emt 0:01:49]} 38. Rxe5 {[%emt 0:00:30]} Rxe5 {[%emt 0:00:30]} 39. Nf7+ {[%emt 0:00:00]} Ke7 {[%emt 0:00:00]} 40. Nxe5 {[%emt 0:00:00]} Kd6 {[%emt 0:00:15]} 41. Nf7+ {[%emt 0:01:22]} Ke7 {[%emt 0:00:04]} 42. Ng5 {[%emt 0:00:00]} b5 {[%emt 0:00:25]} 43. cxb5 {[%emt 0:01:42]} axb5 {[%emt 0:00:11]} 44. Bc8 {[%emt 0:00:22]} Kd6 {[%emt 0:00:34]} 45. Be6 {[%emt 0:01:44]} Nb7 {[%emt 0:01:00]} 46. Nf7+ {[%emt 0:00:07]} Ke7 {[%emt 0:00:00]} 47. Kc2 {[%emt 0:00:59]} Na5 {[%emt 0:00:31]} 48. Ne5 {[%emt 0:01:40]} Kd6 {[%emt 0:00:35]} 49. Nf3 {[%emt 0:00:59]} Ke7 {[%emt 0:01:24]} 50. Nd2 {[%emt 0:00:14]} Nb7 {[%emt 0:00:00]} 51. Ne4 {[%emt 0:00:17]} h4 {[%emt 0:00:28]} 52. Bh3 {[%emt 0:00:27]} Kd8 {[%emt 0:00:59]} 53. d6 {[%emt 0:00:13]} Nxd6 {[%emt 0:00:44]} 54. Nxd6 {[%emt 0:00:04]} b4 {[%emt 0:00:25]} 55. Ne4 {[%emt 0:00:05]} 1-0

[Event "Turkish Women-ch Arzum 2022"]
[Site "Ayvalik"]
[Date "2022.03.08"]
[Round "5.9"]
[White "Kipik, Feyza"]
[Black "Caglar, Sila"]
[Result "0-1"]
[WhiteElo "1603"]
[BlackElo "2200"]
[Annotator "TA"]
[PlyCount "62"]
[EventDate "2022.03.04"]
[EventType "swiss"]
[EventCountry "TUR"]
[SourceTitle "playchess.com"]
[Source "ChessBase"]
[SourceQuality "1"]

{[%evp 9,62,15,33,26,39,0,0,0,8,-21,-29,-25,-28,-32,-36,-66,-62,-99,-79,-79,-74,-72,-59,-41,-39,-80,-41,-46,-21,-120,-94,-97,-104,-159,-169,-190,-204,-266,-271,-353,-332,-463,-455,-620,-603,-688,-687,-680,-701,-683,-660,-643,-641,-827,-856]} 1. e4 c5 2. c3 Qa5 3. Nf3 Nc6 4. Be2 Nf6 5. Qc2 g6 6. O-O {B22: Sicilian: 2 c3.} Bg7 {[#]} 7. Rd1 $146 (7. e5 $5 {[%cal Re5f6]} Nh5 8. d4 $14) ({Predecessor:} 7. d4 O-O 8. d5 Nb8 9. Bf4 d6 10. Nbd2 Nbd7 11. Nc4 Qd8 12. a4 b6 13. h3 {½-½ (13) Dolezal,R (1961)-Mouryc,T (1971) Czech Republic 2014}) 7... O-O 8. d3 {The position is equal.} d5 9. h3 e5 10. Bg5 Be6 11. Nbd2 Qc7 12. exd5 Nxd5 13. Ne4 b6 14. Bh4 h6 15. Bg3 {[%cal Od3d4]} f5 16. Ned2 {[%cal Od3d4]} Rae8 17. a3 (17. d4 $15) 17... Qe7 18. Rac1 g5 $36 {[%mdl 2048] Black is pushing.} 19. Nf1 (19. Re1 $11 {keeps the balance.}) 19... f4 20. Bh2 {[#]} h5 $1 {[%cal Bh6h5,Bh5g4][%mdl 32] Black is much more active.} 21. Qa4 (21. d4 $142) 21... Nd8 $17 22. c4 Nc7 23. Qxa7 g4 24. hxg4 hxg4 {Threatens to win with ...Nc6.} 25. N3d2 Nc6 {Black is clearly winning.} 26. Qb7 Nd4 27. Re1 Rb8 28. Qa7 Ra8 ({Worse is} 28... f3 29. gxf3 b5 30. Ne4 $17) 29. Qb7 Rfb8 30. Qe4 Bf5 31. Qxa8 Rxa8 {Weighted Error Value: White=0.44/Black=0.05 (flawless)} 0-1